LEADER 02326nam 22006134a 450 001 9910450905703321 005 20200520144314.0 010 $a1-280-53461-3 010 $a0-19-803975-1 010 $a1-4237-8511-8 035 $a(CKB)1000000000411651 035 $a(EBL)271039 035 $a(SSID)ssj0000108245 035 $a(PQKBManifestationID)11141632 035 $a(PQKBTitleCode)TC0000108245 035 $a(PQKBWorkID)10036091 035 $a(PQKB)10830979 035 $a(MiAaPQ)EBC271039 035 $a(Au-PeEL)EBL271039 035 $a(CaPaEBR)ebr10142438 035 $a(CaONFJC)MIL53461 035 $a(OCoLC)936849479 035 $a(EXLCZ)991000000000411651 100 $a20041216d2006 uy 0 101 0 $aeng 135 $aur|n|---||||| 181 $ctxt 182 $cc 183 $acr 200 10$aAxiomatic design and fabrication of composite structures$b[electronic resource] $eapplications in robots, machine tools and automobiles /$fDai Gil Lee, Nam Pyo Suh 210 $aNew York $cOxford University Press$dc2006 215 $a1 online resource (724 p.) 225 1 $aOxford series on advanced manufacturing 300 $aDescription based upon print version of record. 311 $a0-19-517877-7 320 $aIncludes bibliographical references and index. 327 $aContents; Part I: Basics; Part II: Applications; Glossary; Index 330 $aPresents an integrated approach to the design and manufacturing of products made of advanced composites. This book is designed to teach students and practicing engineers how to streamline and improve the design process for parts and machines made out of composite materials by focusing on the behaviour of composites and their relationships. 410 0$aOxford series on advanced manufacturing. 606 $aComposite construction 606 $aStructural optimization 608 $aElectronic books. 615 0$aComposite construction. 615 0$aStructural optimization. 676 $a624.1/8 700 $aLee$b Dai Gil$0960038 701 $aSuh$b Nam P.$f1936-$0300032 801 0$bMiAaPQ 801 1$bMiAaPQ 801 2$bMiAaPQ 906 $aBOOK 912 $a9910450905703321 996 $aAxiomatic design and fabrication of composite structures$92175918 997 $aUNINA LEADER 02674nam 2200721 a 450 001 9910778982703321 005 20231013232136.0 010 $a0-8122-7906-9 010 $a0-8122-0550-2 010 $a1-283-89037-2 010 $a0-585-12645-3 024 7 $a10.9783/9780812205503 035 $a(CKB)111004368587822 035 $a(SSID)ssj0000110979 035 $a(PQKBManifestationID)11145422 035 $a(PQKBTitleCode)TC0000110979 035 $a(PQKBWorkID)10065422 035 $a(PQKB)11600243 035 $a(OCoLC)794702343 035 $a(MdBmJHUP)muse17894 035 $a(DE-B1597)449250 035 $a(OCoLC)843080170 035 $a(OCoLC)979628020 035 $a(OCoLC)987941848 035 $a(DE-B1597)9780812205503 035 $a(Au-PeEL)EBL3441968 035 $a(CaPaEBR)ebr10642720 035 $a(CaONFJC)MIL420287 035 $a(MiAaPQ)EBC3441968 035 $a(EXLCZ)99111004368587822 100 $a19830617d1983 uy 0 101 0 $aeng 135 $aurcn||||||||| 181 $ctxt$2rdacontent 182 $cc$2rdamedia 183 $acr$2rdacarrier 200 10$aBeyond objectivism and relativism $escience, hermeneutics, and praxis /$fRichard J. Bernstein 210 1$aPhiladelphia :$cUniversity of Pennsylvania Press,$d1983. 215 $a1 online resource (xix, 284 pages) 300 $aIncludes indexes. 311 0 $a0-8122-1165-0 320 $aIncludes bibliographical references and indexes. 327 $apt. 1. Beyond objectivism and relativism : an overview -- pt. 2. Science, rationality, and incommensurability -- pt. 3. From hermeneutics to praxis -- pt. 4. Praxis, practical discourse, and judgment. 330 $aDrawing freely and expertly from Continental and analytic traditions, Richard Bernstein examines a number of debates and controversies exemplified in the works of Gadamer, Habermas, Rorty, and Arendt. He argues that a "new conversation" is emerging about human rationality-a new understanding that emphasizes its practical character and has important ramifications both for thought and action. 606 $aHermeneutics 606 $aScience$xPhilosophy 606 $aObjectivity 606 $aRelativity 606 $aPractice (Philosophy) 615 0$aHermeneutics. 615 0$aScience$xPhilosophy. 615 0$aObjectivity. 615 0$aRelativity. 615 0$aPractice (Philosophy) 676 $a121/.68 700 $aBernstein$b Richard J$044847 801 0$bMiAaPQ 801 1$bMiAaPQ 801 2$bMiAaPQ 906 $aBOOK 912 $a9910778982703321 996 $aBeyond objectivism and relativism$9712684 997 $aUNINA